Leading strategy execution (Record no. 6782)

MARC details
000 -LEADER
fixed length control field 00572 a2200193 4500
001 - CONTROL NUMBER
control field 132416
003 - CONTROL NUMBER IDENTIFIER
control field OSt
005 - DATE AND TIME OF LATEST TRANSACTION
control field 20211027141528.0
008 - FIXED-LENGTH DATA ELEMENTS--GENERAL INFORMATION
fixed length control field
082 ## - DEWEY DECIMAL CLASSIFICATION NUMBER
Classification number 658.314
Item number A89L
100 1# - MAIN ENTRY--PERSONAL NAME
Personal name Antunes, Christine
245 1# - TITLE STATEMENT
Title Leading strategy execution
Statement of responsibility, etc by Christine Antunes, Christophe Korda and Philippe Kord
260 ## - PUBLICATION, DISTRIBUTION, ETC. (IMPRINT)
Place of publication, distribution, etc London
Name of publisher, distributor, etc Kogan Page
Date of publication, distribution, etc 2010
300 ## - PHYSICAL DESCRIPTION
Extent 208p.
690 ## - LOCAL SUBJECT ADDED ENTRY--TOPICAL TERM (OCLC, RLIN)
Topical term or geographic name as entry element Management--Employee participation; Employee motivation; Leadership
700 ## - ADDED ENTRY--PERSONAL NAME
Personal name Korda, Christophe
700 ## - ADDED ENTRY--PERSONAL NAME
Personal name Kord, Philippe
942 ## - ADDED ENTRY ELEMENTS (KOHA)
Source of classification or shelving scheme Dewey Decimal Classification
Koha item type Books
Holdings
Withdrawn status Lost status Source of classification or shelving scheme Damaged status Not for loan Collection code Home library Current library Date acquired Source of acquisition Cost, normal purchase price Full call number Barcode Date last seen Price effective from Koha item type
    Dewey Decimal Classification     General Text Book Central University Of Rajasthan Central University Of Rajasthan 08/06/2012 MGM 695.00 658.314 A89L 9234 21/11/2024 02/09/2020 Books